000 00523nam a2200157 a 4500
001 000017086
005 20240313135919.0
008 100317s1981 dr 000 0 spa d
040 _aDO-SdBNP
_bspa
_cBNPHU
100 1 _a Mejía-Ricart G., Marcio,
_d1933-
_q(Mejía-Ricart Guzmán), |
_98411
245 1 3 _aLo que debemos hacer /
_cMarcio Mejía-Ricart G.
260 _aSanto Domingo :
_bAlfa y Omega,
_c1981.
300 _a316 p. ;
_c18 cm.
500 _aIncluye datos biográficos del autor en la página 311
049 _aBNPD
999 _c16612
_d16612